The rule of law (Record no. 1433909)

MARC details
000 -LEADER
fixed length control field 00519nam a2200217Ia 4500
005 - DATE AND TIME OF LATEST TRANSACTION
control field 20250718145508.0
008 - FIXED-LENGTH DATA ELEMENTS--GENERAL INFORMATION
fixed length control field 008 250715s9999 xx 000 0 eng d
020 ## - INTERNATIONAL STANDARD BOOK NUMBER
International Standard Book Number 9780141034539 (Pbk)
037 ## - SOURCE OF ACQUISITION
Stock number Textual
040 ## - CATALOGING SOURCE
Original cataloging agency FLL
Transcribing agency FLL
041 ## - LANGUAGE CODE
Language code of text/sound track or separate title eng
Source of code eng
084 ## - COLON CLASSIFICATION NUMBER
Classification number Z,91, Q0
Assigning agency FLL
100 ## - MAIN ENTRY--PERSONAL NAME
Personal name BINGHAM Tom
9 (RLIN) 816027
245 #4 - TITLE STATEMENT
Title The rule of law
250 ## - EDITION STATEMENT
Edition statement 1st.
260 ## - PUBLICATION, DISTRIBUTION, ETC.
Name of publisher, distributor, etc. U.K Penguin Books
Date of publication, distribution, etc. 2011
300 ## - PHYSICAL DESCRIPTION
Extent ix, 213 ill
365 ## - TRADE PRICE
Price amount 699
942 ## - ADDED ENTRY ELEMENTS (KOHA)
Koha item type Textual
Holdings
Withdrawn status Lost status Damaged status Not for loan Home library Current library Date acquired Source of acquisition Total Checkouts Full call number Barcode Date last seen Price effective from Koha item type
        Faculty of Law Library Faculty of Law Library 2025-07-18 Segment book distributors   Z,91, Q0 LL1617951 2025-07-18 2025-07-18 Textual
Copyright @ Delhi University Library System